000 00443nam a2200181Ia 4500
003 OSt
005 20260401113952.0
008 250729s2010 xx 000 0 und d
040 _cAL
041 _aeng
082 _a372.25 KARS
100 _aGovt of Karnataka
_9230789
245 _aSocial science - 9th Std
260 _aBangalore
_bKarnataka Text Book Socity
_c2010
300 _a187p
650 _aEnglish
_9230790
942 _2ddc
_cBED
999 _c238957
_d238957